00415nam a2200145Ia 4500008004100000020002200041082001500063100002300078245004700101250000900148260003800157300001400195500004200209700001800251220610s9999 xx 000 0 und d a978-81-7800-219-4 a620.1bRED aReddy Kumar Vijaya aEngineering Mechanics Statics and Dynamics a3rd  aHyderabadbB.S. Publicationc2013 a824P.bPB a"Doneted by Mr. Pratik Khule, Nagpur" a Kumar Suresh